[Event "83rd ch-FRA w"]
[Site "Pau FRA"]
[Date "2008.08.11"]
[Round "1"]
[White "Skripchenko,A"]
[Black "Congiu,M"]
[Result "1-0"]
[WhiteElo "2463"]
[BlackElo "2196"]
[EventDate "2008.08.11"]

1. e4 e5 2. Nf3 Nc6 3. Bb5 a6 4. Ba4 Nf6 5. O-O Bc5 6. c3 b5 7. Bb3 d6 8.
a4 Bg4 9. d3 Na5 10. Bc2 b4 11. Nbd2 Rb8 12. h3 Bxf3 13. Nxf3 b3 14. Bb1
Bb6 15. d4 Qe7 16. Bd3 O-O 17. Re1 c5 18. dxe5 dxe5 19. Bxa6 Rfd8 20. Qe2
h6 21. Nd2 Bc7 22. Nc4 Nc6 23. Ne3 Qf8 24. Nf5 Na5 25. Bb5 Bb6 26. Qf3 Nh7
27. Qg3 f6 28. Bxh6 Rb7 29. Rad1 Kh8 30. Rxd8 Bxd8 31. Be3 1-0

[Event "83rd ch-FRA w"]
[Site "Pau FRA"]
[Date "2008.08.11"]
[Round "1"]
[White "Delorme,L"]
[Black "Collas,S"]
[Result "1/2-1/2"]
[WhiteElo "2155"]
[BlackElo "2370"]
[EventDate "2008.08.11"]

1. d4 Nf6 2. c4 e6 3. Nf3 Bb4+ 4. Nbd2 a5 5. e3 O-O 6. Bd3 d6 7. O-O Bxd2
8. Bxd2 Nbd7 9. Bc3 Qe7 10. Re1 b6 11. e4 e5 12. a3 a4 13. Bc2 Bb7 14. dxe5
Nxe5 15. Nxe5 dxe5 16. c5 Rfd8 17. Qf3 Qxc5 18. Qf5 Re8 19. Re3 Bc8 20. Qg5
Ng4 21. Rf3 f6 22. Qh5 Rd8 23. b4 Qe7 24. Rg3 Qf7 25. Qxf7+ Kxf7 26. b5 Be6
27. Rb1 h5 28. h3 Nh6 29. Rb4 h4 30. Rf3 Kg8 31. Bxa4 Nf7 32. Re3 Nd6 33.
Rd3 Kf7 34. f3 Ke7 35. Be1 g5 36. Rc3 Rd7 37. Bc2 Nb7 38. Bf2 Nd8 39. Be3
Bf7 40. Kf2 Ne6 41. a4 Kd8 42. Ke1 Ke8 43. Bc1 1/2-1/2

[Event "83rd ch-FRA w"]
[Site "Pau FRA"]
[Date "2008.08.11"]
[Round "1"]
[White "Lallemand,R"]
[Black "Benmesbah,N"]
[Result "0-1"]
[WhiteElo "2285"]
[BlackElo "2210"]
[EventDate "2008.08.11"]

1. e4 c5 2. Nf3 d6 3. d4 cxd4 4. Qxd4 a6 5. Bg5 Nc6 6. Qd2 h6 7. Bh4 g5 8.
Bg3 Bg7 9. Nc3 Nf6 10. Bc4 Nh5 11. O-O-O Nxg3 12. hxg3 Na5 13. Bb3 Nxb3+
14. cxb3 Qa5 15. Kb1 Bg4 16. Nd5 Qxd2 17. Rxd2 Bxf3 18. gxf3 Rc8 19. f4 e6
20. Ne3 gxf4 21. gxf4 Ke7 22. Rg1 Rh7 23. Rgd1 Rc6 24. Nc4 h5 25. Nxd6 Bh6
26. Nxb7 Bxf4 27. Rd3 h4 28. Rh3 Rh5 29. b4 Rc4 30. Nc5 Rxb4 31. a3 Rc4 32.
Nxa6 Rxe4 33. Nb4 Re2 34. Nd3 Bg5 35. b4 Bf6 36. a4 Rd5 37. f4 Rg2 38. a5
Rg3 39. Rxg3 hxg3 40. Kc2 Bd4 41. Ne1 Kd6 42. Ng2 Kc6 43. Rh1 Kb5 44. Kb3
Bf2 45. Rh8 Rd3+ 46. Kc2 Rf3 47. Rb8+ Kc4 48. Kd1 Bd4 49. Rc8+ Kxb4 50. Ke2
Rf2+ 51. Kd3 Bc5 52. Ne1 Rxf4 53. a6 Rd4+ 54. Kc2 Rc4+ 55. Kd3 Rc3+ 56. Ke2
Re3+ 57. Kd2 Rxe1 0-1

[Event "83rd ch-FRA w"]
[Site "Pau FRA"]
[Date "2008.08.11"]
[Round "1"]
[White "Muller,Ann"]
[Black "Guichard,P"]
[Result "0-1"]
[WhiteElo "2179"]
[BlackElo "2284"]
[EventDate "2008.08.11"]

1. e4 c5 2. Nf3 Nc6 3. Nc3 e5 4. Bc4 Be7 5. d3 Nf6 6. Nd2 O-O 7. Nf1 d6 8.
Ne3 Be6 9. O-O a6 10. a3 b5 11. Ba2 b4 12. Ncd5 a5 13. Bc4 Nd7 14. Bd2 Bg5
15. c3 Bxe3 16. Bxe3 Rb8 17. axb4 axb4 18. Ra6 Nb6 19. Nxb6 Rxb6 20. Rxb6
Qxb6 21. Bxe6 fxe6 22. Qb3 Re8 23. Ra1 Qb5 24. Qa4 Qxa4 25. Rxa4 Re7 26.
Ra8+ Kf7 27. g3 Rc7 28. Kf1 bxc3 29. bxc3 Ne7 30. Ra5 c4 31. Ke2 cxd3+ 32.
Kxd3 h6 33. Ra7 Rxa7 34. Bxa7 Ke8 35. Be3 Kd7 36. f4 Ng6 37. c4 h5 38. f5
Ne7 39. fxe6+ Kxe6 40. h3 Nc6 41. Kc3 Ne7 42. Kd3 Ng8 43. Ke2 Nf6 44. Kf3
Nd7 45. Bf2 Nb8 46. Ke3 Kd7 47. Kd3 Kc6 48. Be3 Na6 49. Bg5 Nc5+ 50. Ke2
Nxe4 51. Be3 Nxg3+ 52. Kf3 Nf5 53. Bf2 Nd4+ 54. Ke3 Ne6 55. Kd3 g5 0-1

[Event "83rd ch-FRA w"]
[Site "Pau FRA"]
[Date "2008.08.11"]
[Round "1"]
[White "Verot,M"]
[Black "Flear,C"]
[Result "1/2-1/2"]
[WhiteElo "2125"]
[BlackElo "2133"]
[EventDate "2008.08.11"]

1. d4 Nf6 2. c4 e6 3. Nf3 Bb4+ 4. Bd2 Bxd2+ 5. Qxd2 Ne4 6. Qc2 f5 7. e3 b6
8. Nc3 Bb7 9. Be2 O-O 10. O-O d6 11. Rfd1 Qe7 12. Rac1 Nd7 13. b4 g5 14.
Nd2 Nxc3 15. Qxc3 g4 16. c5 Nf6 17. cxd6 cxd6 18. Qc7 Rf7 19. Qxe7 Rxe7 20.
Nc4 Rd8 21. Nb2 Nd5 22. a3 h5 23. Bc4 Kg7 24. Kf1 h4 25. Ke2 Kf6 26. Nd3 e5
27. dxe5+ dxe5 28. f3 gxf3+ 29. gxf3 Rg7 30. Rg1 Rxg1 31. Rxg1 Nc3+ 32. Kd2
b5 33. Kxc3 bxc4 34. Nc5 Bxf3 35. Kxc4 Rd2 36. a4 Bd5+ 37. Kb5 Rxh2 38.
Nd7+ Kf7 39. Nxe5+ Ke6 40. Ng6 Kf6 41. Nf4 Bf7 42. Ka6 Rb2 43. b5 Rb4 44.
Kxa7 Rxa4+ 45. Kb7 Bc4 46. b6 Ba6+ 47. Kb8 Ke5 48. Ng6+ Kd6 49. Rb1 h3 50.
Rh1 Kc6 51. Rxh3 Kxb6 52. Rh6 Kc5 53. Ne7 1/2-1/2

[Event "83rd ch-FRA w"]
[Site "Pau FRA"]
[Date "2008.08.12"]
[Round "2"]
[White "Muller,Ann"]
[Black "Skripchenko,A"]
[Result "1/2-1/2"]
[WhiteElo "2179"]
[BlackElo "2463"]
[EventDate "2008.08.11"]

1. e4 g6 2. d4 Bg7 3. Nf3 d6 4. Be2 Nf6 5. Nbd2 O-O 6. O-O b6 7. c3 Bb7 8.
e5 Nd5 9. Nc4 c5 10. exd6 exd6 11. Re1 Nc6 12. dxc5 dxc5 13. Bg5 f6 14. Bh4
Nce7 15. Bg3 Bc6 16. h3 Nf5 17. Bh2 Kh8 18. a4 Qd7 19. Qc2 Rad8 20. Nfd2
Qb7 21. Bf1 Nde7 22. Ne4 Nc8 23. a5 Qf7 24. Ncd2 Nfd6 25. axb6 axb6 26.
Rad1 Qb7 27. Nxd6 Nxd6 28. Bxd6 Rxd6 29. Nc4 Rd5 30. Rxd5 Bxd5 31. Qd2 f5
32. Qf4 b5 33. Ne3 Bc6 34. Rd1 b4 35. Qd6 bxc3 36. bxc3 Ba4 37. Ra1 Qc6 38.
Qxc6 Bxc6 39. Ra5 f4 40. Nc4 Bxc3 41. Rxc5 Ba8 42. Rc7 Bd4 43. Rd7 Bf6 44.
Nd6 Bd5 45. Ne8 Bc6 46. Nxf6 Rxf6 47. Rc7 Rd6 48. Be2 Re6 49. Bg4 Rd6 50.
Rf7 Rd4 51. Rc7 Be4 52. Rf7 h5 53. Bf3 Bf5 54. h4 Kg8 55. Ra7 Bg4 56. Bc6
Rd6 57. Be4 Be2 58. Ra2 Ba6 59. g3 Bc4 60. Ra4 Bb5 61. Rb4 Bd7 62. Bf3 fxg3
63. fxg3 Kg7 64. Kf2 Bf5 65. g4 hxg4 66. Bxg4 Bc2 67. Kg3 Kf6 68. Rc4 Bd3
69. Rc5 Be4 70. Kf4 Bb7 71. Rb5 Rd4+ 72. Kg3 Be4 73. Ra5 Rc4 74. Ra6+ Ke5
75. Ra5+ Kf6 76. Ra6+ Kg7 77. Ra5 Bc6 78. h5 gxh5 1/2-1/2

[Event "83rd ch-FRA w"]
[Site "Pau FRA"]
[Date "2008.08.12"]
[Round "2"]
[White "Collas,S"]
[Black "Lallemand,R"]
[Result "1-0"]
[WhiteElo "2370"]
[BlackElo "2285"]
[EventDate "2008.08.11"]

1. d4 c5 2. d5 e5 3. e4 d6 4. h3 Nf6 5. Nc3 Be7 6. Nf3 a6 7. a4 O-O 8. Be2
Nbd7 9. O-O Ne8 10. Nd2 g6 11. Nc4 f5 12. a5 Bg5 13. exf5 Bxc1 14. Rxc1
gxf5 15. f4 e4 16. Na4 Qe7 17. c3 Ndf6 18. Nab6 Rb8 19. Ne3 Nd7 20. Nbc4
Nc7 21. b4 cxb4 22. cxb4 Nf6 23. Nb6 Nfe8 24. b5 axb5 25. Nxc8 Rxc8 26.
Bxb5 Ra8 27. Bxe8 Raxe8 28. Nxf5 Qd7 29. Ne3 Na6 30. f5 Nc5 31. Rb1 Qe7 32.
Rb6 Rf7 33. Qg4+ Kh8 34. Qg3 Nd3 35. Qxd6 Qg5 36. Qh6 Qg3 37. Rg6 Qc7 38.
f6 Ne5 39. Rg5 Rg8 40. Rxg8+ Kxg8 41. Qg5+ Kf8 42. Qf5 Nd7 43. Ng4 Qxa5 44.
Qxe4 Qc5+ 45. Kh1 Qc3 46. d6 Qc6 47. Qe6 Nc5 48. Qxf7+ 1-0

[Event "83rd ch-FRA w"]
[Site "Pau FRA"]
[Date "2008.08.12"]
[Round "2"]
[White "Congiu,M"]
[Black "Delorme,L"]
[Result "1/2-1/2"]
[WhiteElo "2196"]
[BlackElo "2155"]
[EventDate "2008.08.11"]

1. e4 e5 2. Nf3 Nc6 3. Bc4 Nf6 4. d4 exd4 5. O-O Nxe4 6. Re1 d5 7. Bxd5
Qxd5 8. Nc3 Qh5 9. Nxe4 Be6 10. Bg5 Bd6 11. Nxd6+ cxd6 12. Bf4 Qd5 13. c3
O-O 14. Nxd4 Nxd4 15. cxd4 Rfc8 16. Qd3 Rc4 17. Rad1 Rac8 18. h3 Bf5 19.
Qe3 h6 20. Re2 Bc2 21. Rdd2 Bg6 22. Kh2 Rc2 23. Qa3 R2c6 24. Re7 Ra6 25.
Qg3 Rd8 26. Qh4 Rc8 27. b3 Rb6 28. Qg4 Rd8 29. Qh4 Rc8 30. Qg4 Rd8 31. Qh4
1/2-1/2

[Event "83rd ch-FRA w"]
[Site "Pau FRA"]
[Date "2008.08.12"]
[Round "2"]
[White "Flear,C"]
[Black "Leconte,M"]
[Result "0-1"]
[WhiteElo "2133"]
[BlackElo "2346"]
[EventDate "2008.08.11"]

1. d4 Nf6 2. c4 e6 3. Nf3 b6 4. e3 Bb7 5. Bd3 Bb4+ 6. Nbd2 O-O 7. O-O Bxd2
8. Bxd2 Ne4 9. Qe2 d6 10. Rfd1 Nd7 11. Be1 f5 12. Nd2 e5 13. d5 Nxd2 14.
Bxd2 e4 15. Bc2 Qg5 16. Bc3 Rae8 17. Ba4 Bc8 18. Bxd7 Bxd7 19. b4 Qg6 20.
Qd2 f4 21. Kh1 f3 22. Rg1 Bg4 23. g3 Rf5 24. Qd4 Rh5 25. h4 Qh6 26. Rgc1
Ree5 27. Kg1 Rxh4 0-1

[Event "83rd ch-FRA w"]
[Site "Pau FRA"]
[Date "2008.08.12"]
[Round "2"]
[White "Guichard,P"]
[Black "Milliet,S"]
[Result "0-1"]
[WhiteElo "2284"]
[BlackElo "2357"]
[EventDate "2008.08.11"]

1. d4 Nf6 2. c4 e6 3. Nf3 c5 4. d5 b5 5. Qc2 bxc4 6. e4 exd5 7. exd5 Nxd5
8. Bxc4 Nf6 9. O-O Be7 10. Bg5 O-O 11. Nc3 Bb7 12. Rad1 Bxf3 13. gxf3 Nc6
14. Rfe1 Nd4 15. Qd3 h6 16. Bh4 d5 17. Ba6 Rb8 18. b3 g5 19. Bg3 Bd6 20.
Na4 Kg7 21. Rc1 Ne6 22. Qc2 Nh5 23. Qf5 Nd4 24. Qd3 Nxg3 25. hxg3 Qf6 26.
Kg2 Rfe8 27. Rxe8 Rxe8 28. Nxc5 Ne2 29. Rc2 Nf4+ 30. gxf4 Qxf4 31. Kf1 Qh2
32. Qd4+ f6 33. Ne4 dxe4 34. Bb5 Qh1+ 35. Ke2 exf3+ 36. Kd3 Qd1+ 37. Rd2
Qb1+ 38. Rc2 Qd1+ 39. Rd2 Qf1+ 40. Kc2 Qxb5 41. Qxd6 Rc8+ 42. Kb1 Qf5+ 43.
Rd3 g4 44. b4 Rc3 45. Qd7+ Qxd7 46. Rxd7+ Kg6 47. Kb2 Rc8 48. a4 h5 49. b5
Re8 50. Rd1 h4 51. Rd4 Kg5 0-1

[Event "83rd ch-FRA w"]
[Site "Pau FRA"]
[Date "2008.08.12"]
[Round "2"]
[White "Benmesbah,N"]
[Black "Verot,M"]
[Result "0-1"]
[WhiteElo "2210"]
[BlackElo "2125"]
[EventDate "2008.08.11"]

1. e4 c5 2. Nf3 d6 3. d4 cxd4 4. Nxd4 Nf6 5. Nc3 a6 6. Be3 e6 7. g4 b5 8.
f3 Bb7 9. Qd2 Be7 10. O-O-O O-O 11. h4 Nfd7 12. a3 Nb6 13. g5 N8d7 14. Qf2
Rc8 15. Rg1 Rxc3 16. bxc3 d5 17. g6 hxg6 18. h5 Bxa3+ 19. Kd2 Ne5 20. hxg6
dxe4 21. f4 Nf3+ 22. Ke2 Nd5 23. Bd2 Nxg1+ 24. Qxg1 Qh4 25. Qg5 Qxg5 26.
fxg5 e5 27. gxf7+ Kxf7 28. Nb3 Rh8 29. Bg2 Rh2 30. Kf1 Rxg2 31. Kxg2 e3 32.
Kg3 exd2 33. Rxd2 Kg6 34. Na5 Ba8 35. c4 Bb4 36. Rd3 Nc7 37. cxb5 Bxa5 38.
b6 Nd5 39. c4 Nxb6 40. Rd6+ Kxg5 41. c5 Nc4 42. Rxa6 Bd5 43. Ra7 g6 0-1

[Event "83rd ch-FRA w"]
[Site "Pau FRA"]
[Date "2008.08.13"]
[Round "3"]
[White "Skripchenko,A"]
[Black "Guichard,P"]
[Result "1-0"]
[WhiteElo "2463"]
[BlackElo "2284"]
[EventDate "2008.08.11"]

1. e4 c5 2. Nf3 Nc6 3. c3 Nf6 4. e5 Nd5 5. d4 cxd4 6. cxd4 d6 7. Bc4 e6 8.
O-O Be7 9. Qe2 Qc7 10. a3 O-O 11. Bd3 Bd7 12. b4 Rac8 13. Bd2 a6 14. Re1
Na7 15. Qe4 f5 16. exf6 Nxf6 17. Qh4 Rce8 18. Nc3 Bd8 19. Rac1 Bc6 20. Ng5
h6 21. Nxe6 Rxe6 22. Rxe6 Qf7 23. Rxd6 Be7 24. Rxc6 Nxc6 25. Be3 Kh8 26.
Qg3 Qb3 27. Qg6 Bd6 28. Bb1 Ne7 29. Qd3 Qxa3 30. b5 a5 31. Ne4 Qxd3 32.
Bxd3 Nxe4 33. Bxe4 b6 34. g3 Kg8 35. Kf1 Kf7 36. Ke2 Ke6 37. h4 Rb8 38. h5
Nd5 39. Rc6 Ne7 40. Rxd6+ 1-0

[Event "83rd ch-FRA w"]
[Site "Pau FRA"]
[Date "2008.08.13"]
[Round "3"]
[White "Lallemand,R"]
[Black "Congiu,M"]
[Result "1/2-1/2"]
[WhiteElo "2285"]
[BlackElo "2196"]
[EventDate "2008.08.11"]

1. e4 e5 2. Nf3 Nc6 3. Bb5 a6 4. Ba4 Nf6 5. Qe2 Bc5 6. O-O b5 7. Bb3 O-O 8.
c3 d5 9. d3 d4 10. Rd1 h6 11. h3 Qd6 12. Nbd2 Nh5 13. Nf1 Nf6 14. Ng3 Be6
15. Nh4 Ne7 16. Qf3 Bxb3 17. axb3 Kh7 18. b4 Bb6 19. Nhf5 Nxf5 20. Nxf5 Qe6
21. g4 Ng8 22. Kh2 g6 23. Ng3 Qf6 24. Qxf6 Nxf6 25. f4 Nd7 26. f5 Nb8 27.
c4 bxc4 28. dxc4 c6 29. Bd2 Nd7 30. c5 Bd8 31. Ra3 Bh4 32. Be1 Rfe8 33. Kg2
Bxg3 34. Kxg3 Ra7 35. Rda1 Nb8 36. Kf3 Rb7 37. Ke2 Kg7 38. Rf3 g5 39. Bd2
f6 40. Kd3 Rh8 41. h4 Rg8 42. Rh3 Kf7 43. Kc2 Rb5 44. Kb3 Nd7 45. Kc4 Nb8
46. b3 Rg7 47. Rah1 Nd7 48. hxg5 hxg5 49. Rh8 Rb8 50. R8h6 Rb5 51. Ra1 Nb8
52. Rh8 Rg8 53. Rh7+ Rg7 54. Rah1 Nd7 55. Rh8 1/2-1/2

[Event "83rd ch-FRA w"]
[Site "Pau FRA"]
[Date "2008.08.13"]
[Round "3"]
[White "Verot,M"]
[Black "Collas,S"]
[Result "1/2-1/2"]
[WhiteElo "2125"]
[BlackElo "2370"]
[EventDate "2008.08.11"]

1. d4 Nf6 2. Nf3 e6 3. c4 c5 4. e3 g6 5. Nc3 Bg7 6. Be2 O-O 7. O-O b6 8.
Qb3 Na6 9. Rd1 d6 10. a3 Bb7 11. Qc2 Qe7 12. b3 Rfd8 13. Bb2 Rac8 14. Rac1
cxd4 15. Nxd4 e5 16. Ndb5 Ba8 17. b4 Nb8 18. Nb1 d5 19. Qa4 a6 20. cxd5
Bxd5 21. Rxc8 Rxc8 22. N5c3 Bb7 23. b5 a5 24. Nd2 Nbd7 25. Nc4 1/2-1/2

[Event "83rd ch-FRA w"]
[Site "Pau FRA"]
[Date "2008.08.13"]
[Round "3"]
[White "Leconte,M"]
[Black "Benmesbah,N"]
[Result "1-0"]
[WhiteElo "2346"]
[BlackElo "2210"]
[EventDate "2008.08.11"]

1. e4 c5 2. Nf3 d6 3. Nc3 Nf6 4. e5 dxe5 5. Nxe5 Nbd7 6. d4 e6 7. Bb5 a6 8.
Bxd7+ Nxd7 9. Qh5 Qe7 10. Bg5 Nf6 11. Qf3 h6 12. Be3 Qc7 13. O-O-O cxd4 14.
Bxd4 Bc5 15. Bxc5 Qxc5 16. Rhe1 O-O 17. g4 Ra7 18. h4 b5 19. Nd3 Qe7 20. g5
hxg5 21. hxg5 Nh7 22. Rg1 Nxg5 23. Qh5 Nh7 24. Ne4 f5 25. Rh1 g5 26. Nec5
Qf7 27. Qe2 Qf6 28. Ne5 Rc7 29. Ncd7 Bxd7 30. Nxd7 Qe7 31. Nxf8 Nxf8 32.
Rh6 Qc5 33. Qd2 f4 34. Rg1 Rh7 35. Qxf4 1-0

[Event "83rd ch-FRA w"]
[Site "Pau FRA"]
[Date "2008.08.13"]
[Round "3"]
[White "Delorme,L"]
[Black "Muller,Ann"]
[Result "1-0"]
[WhiteElo "2155"]
[BlackElo "2179"]
[EventDate "2008.08.11"]

1. d4 Nf6 2. c4 e6 3. Nf3 Bb4+ 4. Bd2 Qe7 5. g3 Bxd2+ 6. Qxd2 O-O 7. Bg2 d6
8. O-O e5 9. Nc3 Re8 10. Qc2 Nc6 11. Rad1 Bg4 12. dxe5 dxe5 13. Nd5 Nxd5
14. cxd5 Bxf3 15. dxc6 Bxg2 16. Kxg2 bxc6 17. Qxc6 Qb4 18. b3 Qb6 19. Rc1
Rac8 20. Rfd1 Qa5 21. Rc2 h6 22. Rd7 e4 23. Rxc7 Rcd8 24. Qc5 Qe1 25. Qf5
Rf8 26. Rd7 Rde8 27. Rcc7 Qxe2 28. Rxf7 Qf3+ 29. Qxf3 exf3+ 30. Rxf3 Rxf3
31. Kxf3 a6 32. Rc6 Ra8 33. Rb6 Kf7 34. b4 a5 35. b5 a4 36. Ra6 Rb8 37.
Rxa4 Rxb5 38. Ra7+ Kf6 39. a4 Rb2 40. Rc7 Ra2 41. Rc4 h5 42. h4 g6 43. Ke3
Kf5 44. Rf4+ Ke5 45. Re4+ Kf5 46. Rb4 Ra3+ 47. Kd4 Ra2 48. Kc5 g5 49. f3
gxh4 50. Rxh4 Kg6 51. g4 hxg4 52. Rxg4+ Kf5 53. Rb4 Ke6 54. Kb6 Rd2 55. a5
Rd6+ 56. Kc7 Rd7+ 57. Kb6 Rd6+ 58. Kb5 Rd5+ 59. Ka4 Rd1 60. a6 Kd6 61. Kb5
Kc7 62. Rc4+ Kb8 63. Ra4 Ka7 64. Kc5 Rd3 65. f4 Rd1 66. Kc6 Rd2 67. Rc4 Rd1
68. Rc3 Ra1 69. Rf3 Rxa6+ 70. Kd7 Kb6 71. f5 Ra1 72. f6 Rd1+ 73. Ke6 Re1+
74. Kf5 Re8 75. f7 1-0

[Event "83rd ch-FRA w"]
[Site "Pau FRA"]
[Date "2008.08.13"]
[Round "3"]
[White "Milliet,S"]
[Black "Flear,C"]
[Result "1-0"]
[WhiteElo "2357"]
[BlackElo "2133"]
[EventDate "2008.08.11"]

1. e4 c5 2. Nf3 e6 3. d4 cxd4 4. Nxd4 a6 5. Be2 Nf6 6. Nc3 Qc7 7. O-O Nc6
8. Kh1 Be7 9. f4 d6 10. Nxc6 bxc6 11. Qe1 d5 12. e5 Nd7 13. Qg3 O-O 14. b3
f6 15. Bb2 f5 16. Na4 c5 17. Bf3 c4 18. Bd4 Bb7 19. Qf2 Rac8 20. c3 Bc6 21.
Nb6 Rb8 22. Nxd7 Bxd7 23. b4 Ba4 24. g4 g6 25. gxf5 Rxf5 26. Bg4 Rbf8 27.
Bxf5 Rxf5 28. Bc5 Bd8 29. Rac1 Qg7 30. Bb6 Be7 31. Bc5 Bd8 32. Qg3 Qh6 33.
Bd4 Bc7 34. Rf3 Rh5 35. Rf2 Bd8 36. Qg4 Bd7 37. Rcf1 Qf8 38. Rg2 Rh4 39.
Qf3 Qf5 40. Qf2 Ba4 41. Kg1 Rh3 42. Qe2 h5 43. Kh1 Kh7 44. Rfg1 Be8 45. a4
Rh4 46. b5 axb5 47. axb5 Rxf4 48. b6 Bc6 49. Rxg6 Qxg6 50. Rxg6 Kxg6 51.
Qg2+ Kh7 52. Qb2 Rf7 53. Qb4 Rd7 54. Qc5 Bb7 55. Qf8 Bg5 56. Qe8 Rg7 57.
Qxh5+ Kg8 58. Qe8+ Kh7 59. Qxe6 Bh6 60. Qf5+ Kg8 61. e6 Be3 62. h4 Bxd4 63.
cxd4 Bc8 64. Qf6 c3 65. Qd8+ 1-0

[Event "83rd ch-FRA w"]
[Site "Pau FRA"]
[Date "2008.08.14"]
[Round "4"]
[White "Collas,S"]
[Black "Leconte,M"]
[Result "1-0"]
[WhiteElo "2370"]
[BlackElo "2346"]
[EventDate "2008.08.11"]

1. Nf3 Nf6 2. c4 e6 3. Nc3 Bb4 4. Qb3 c5 5. g3 Nc6 6. Bg2 O-O 7. a3 Ba5 8.
O-O d6 9. e3 e5 10. d3 a6 11. Nd2 Rb8 12. Bxc6 bxc6 13. Qxb8 Qd7 14. Qb3
Qh3 15. f3 Nh5 16. Nde4 1-0

[Event "83rd ch-FRA w"]
[Site "Pau FRA"]
[Date "2008.08.14"]
[Round "4"]
[White "Guichard,P"]
[Black "Flear,C"]
[Result "1-0"]
[WhiteElo "2284"]
[BlackElo "2133"]
[EventDate "2008.08.11"]

1. d4 Nf6 2. c4 e6 3. Nf3 Bb4+ 4. Nbd2 b6 5. a3 Bxd2+ 6. Qxd2 Bb7 7. e3 O-O
8. Bd3 d5 9. cxd5 exd5 10. b4 Nbd7 11. Bb2 Ne4 12. Qc2 Rc8 13. Rc1 c5 14.
dxc5 bxc5 15. Qa4 cxb4 16. Rxc8 Qxc8 17. axb4 a6 18. O-O Nb6 19. Qa1 f6 20.
Rc1 Qd7 21. Bd4 Nc4 22. Qa2 Ncd6 23. Bc5 Rc8 24. Nd4 Nf7 25. Bxa6 Ra8 26.
b5 Nxc5 27. Rxc5 Qd6 28. Rc1 Ne5 29. Ra1 Nd7 30. Nf5 Qe5 31. Qb1 Nc5 32. f4
Qc3 33. Qc1 Qxc1+ 34. Rxc1 Nxa6 35. bxa6 Bxa6 36. Rc7 Bc4 37. Rxg7+ Kh8 38.
Rd7 h5 39. Rd6 Ra1+ 40. Kf2 Ra2+ 41. Kg3 Ra3 42. Kh4 Ra2 43. Kg3 Ra3 44.
Rxf6 d4 45. Nxd4 Rxe3+ 46. Kh4 Re4 47. Nf3 1-0

[Event "83rd ch-FRA w"]
[Site "Pau FRA"]
[Date "2008.08.14"]
[Round "4"]
[White "Skripchenko,A"]
[Black "Delorme,L"]
[Result "1/2-1/2"]
[WhiteElo "2463"]
[BlackElo "2155"]
[EventDate "2008.08.11"]

1. g3 d5 2. Bg2 Nf6 3. Nf3 Bg4 4. d3 Nbd7 5. Nbd2 c6 6. O-O e5 7. e4 dxe4
8. dxe4 Be7 9. b3 O-O 10. Bb2 Qc7 11. h3 Bh5 12. Qe1 Rfe8 13. Nc4 Bf8 14.
Nh4 b5 15. Nd2 Nc5 16. f4 exf4 17. Bxf6 f3 18. Ndxf3 gxf6 19. Nd2 Bg6 20.
b4 Nb7 21. c3 Nd6 22. Nxg6 hxg6 23. Rxf6 Bg7 24. Rf3 Bh6 25. Rd1 Rad8 26.
Rd3 Nf5 27. Rxd8 Qxd8 28. Nf1 Qe7 29. Qf2 Nd6 30. Re1 Qe5 31. Qd4 Bg7 32.
Qxe5 Bxe5 33. Rc1 Nc4 34. Kf2 Rd8 35. Ke2 Nb2 36. Ne3 Na4 37. Nd1 1/2-1/2

[Event "83rd ch-FRA w"]
[Site "Pau FRA"]
[Date "2008.08.15"]
[Round "5"]
[White "Flear,C"]
[Black "Benmesbah,N"]
[Result "1-0"]
[WhiteElo "2133"]
[BlackElo "2210"]
[EventDate "2008.08.11"]

1. d4 Nf6 2. c4 c5 3. d5 e6 4. Nf3 d6 5. Nc3 exd5 6. cxd5 g6 7. h3 Qe7 8.
e4 a6 9. Bd3 b5 10. O-O Bg7 11. e5 dxe5 12. Nxe5 O-O 13. Re1 Qd6 14. Bf4
Qb6 15. a4 c4 16. Be4 Bb7 17. Bf3 Nbd7 18. Nc6 b4 19. Be3 Qc7 20. d6 Qxc6
21. Bxc6 Bxc6 22. Ne2 Ne5 23. Nf4 Nh5 24. Nxh5 gxh5 25. Qxh5 Be4 26. Bh6
Bg6 27. Qh4 Bxh6 28. Qxh6 Nd3 29. Re2 c3 30. bxc3 b3 31. h4 Rfe8 32. Rxe8+
Rxe8 33. d7 Rd8 34. h5 Rxd7 35. hxg6 hxg6 36. Qe3 1-0

[Event "83rd ch-FRA w"]
[Site "Pau FRA"]
[Date "2008.08.15"]
[Round "5"]
[White "Delorme,L"]
[Black "Guichard,P"]
[Result "1/2-1/2"]
[WhiteElo "2155"]
[BlackElo "2284"]
[EventDate "2008.08.11"]

1. d4 Nf6 2. c4 e6 3. Nf3 c5 4. d5 b5 5. Bg5 exd5 6. cxd5 d6 7. e4 a6 8.
Nfd2 Be7 9. Bf4 Bb7 10. Be2 Nbd7 11. O-O O-O 12. a4 c4 13. axb5 axb5 14.
Na3 Qb6 15. Be3 Nc5 16. f3 Nfd7 17. Nc2 Rxa1 18. Qxa1 f5 19. Nd4 f4 20. Bf2
Ra8 21. Qb1 Bf6 22. Ne6 Qa6 23. Nc7 Qa5 24. b4 Qxc7 25. bxc5 Nxc5 26. Qxb5
c3 27. Nc4 Ba6 28. Qc6 Qxc6 29. dxc6 Rc8 30. Bxc5 dxc5 31. e5 Bxe5 32. Nxe5
Bxe2 33. Rc1 Re8 34. Nd7 Bb5 35. Nxc5 c2 36. h4 Rc8 37. Rxc2 Rxc6 38. Rc3
Kf7 39. Ne4 Rxc3 40. Nxc3 Bc4 41. Kf2 Kg6 42. g3 Kf5 43. Ne4 Bd5 44. Ng5 h6
45. Nh3 fxg3+ 46. Kxg3 Bf7 47. Nf4 Ke5 48. Nd3+ Kd4 49. Nf4 Ke3 50. Ng2+
Ke2 51. Nf4+ Kd2 52. Nh3 Ke3 53. Nf4 Kd4 54. Nh3 Kd3 55. Nf4+ Kd2 56. Nh3
Be8 57. Nf4 Bd7 58. Nh5 g6 59. Nf6 Be6 60. Ng4 Bxg4 61. Kxg4 Ke3 62. f4 Ke4
63. h5 gxh5+ 1/2-1/2

[Event "83rd ch-FRA w"]
[Site "Pau FRA"]
[Date "2008.08.15"]
[Round "5"]
[White "Verot,M"]
[Black "Muller,Ann"]
[Result "1-0"]
[WhiteElo "2125"]
[BlackElo "2179"]
[EventDate "2008.08.11"]

1. Nf3 Nf6 2. c4 e6 3. Nc3 c5 4. g3 b6 5. Bg2 Bb7 6. O-O Be7 7. d3 O-O 8.
e4 d6 9. Nh4 Nc6 10. f4 Nd7 11. Nf3 Nd4 12. Be3 Nxf3+ 13. Bxf3 Nf6 14. d4
cxd4 15. Qxd4 Qc8 16. Rad1 Rd8 17. Qd3 Bc6 18. g4 Qb7 19. g5 Nd7 20. Qc2
Rac8 21. Qg2 Bf8 22. Qh3 a6 23. Bd4 Nc5 24. Bxc5 bxc5 25. b3 a5 26. Bg4 Rb8
27. f5 exf5 28. exf5 g6 29. fxg6 hxg6 30. Rxf7 Qxf7 31. Be6 Bg7 32. Bxf7+
Kxf7 33. Rf1+ Kg8 34. Qe6+ Kh7 35. Nd5 Bd4+ 36. Kg2 Rb7 37. Rf4 Be5 38.
Rh4+ Kg7 39. Rh6 Be8 40. Qh3 Bf7 41. Rh7+ Kg8 42. Rh6 a4 43. Nf6+ Kf8 44.
Rh7 axb3 45. axb3 Ke7 46. Rxf7+ Kxf7 47. Qh7+ Ke6 48. Qxb7 Rh8 49. Qd7+ 1-0

[Event "83rd ch-FRA w"]
[Site "Pau FRA"]
[Date "2008.08.15"]
[Round "5"]
[White "Lallemand,R"]
[Black "Skripchenko,A"]
[Result "1/2-1/2"]
[WhiteElo "2285"]
[BlackElo "2463"]
[EventDate "2008.08.11"]

1. e4 c5 2. Nf3 Nc6 3. d4 cxd4 4. Nxd4 Qc7 5. Nc3 e6 6. Be2 a6 7. O-O Nf6
8. Kh1 Bb4 9. Bg5 Ne7 10. Qd3 b6 11. Bxf6 gxf6 12. Ndb5 Qf4 13. a3 Bc5 14.
b4 axb5 15. bxc5 bxc5 16. Nxb5 Nc6 17. g3 Qb8 18. Qc3 c4 19. Qxf6 Qxb5 20.
Qxh8+ Ke7 21. Qc3 Ba6 22. Rfd1 Qc5 23. Kg2 h5 24. Rd2 d6 25. Rad1 Rd8 26.
Re1 h4 27. Rdd1 Rg8 28. f4 hxg3 29. hxg3 Bb7 30. Bf3 Ra8 31. Rb1 Bc8 32.
Qe3 Qxa3 33. Qb6 Bd7 34. Ra1 Qxa1 35. Rxa1 Rxa1 36. e5 d5 37. Qc5+ Ke8 38.
f5 Re1 39. fxe6 fxe6 40. Bh5+ Kd8 41. Qb6+ Ke7 42. Qc5+ Kd8 43. Qb6+ Ke7
44. Qc5+ 1/2-1/2

[Event "83rd ch-FRA w"]
[Site "Pau FRA"]
[Date "2008.08.16"]
[Round "6"]
[White "Skripchenko,A"]
[Black "Verot,M"]
[Result "1-0"]
[WhiteElo "2463"]
[BlackElo "2125"]
[EventDate "2008.08.11"]

1. e4 c5 2. Nc3 a6 3. f4 b5 4. Nf3 Bb7 5. d3 e6 6. g3 d5 7. exd5 exd5 8.
Bg2 Be7 9. O-O Nf6 10. Ne5 O-O 11. g4 b4 12. Ne2 Nfd7 13. Nf3 Nc6 14. Ng3
Re8 15. g5 c4 16. d4 Nf8 17. c3 a5 18. Ne5 f6 19. gxf6 Bxf6 20. Qf3 Ne7 21.
Bd2 Qb6 22. Kh1 Rad8 23. Nxc4 dxc4 24. Qxb7 Qxb7 25. Bxb7 Rb8 26. Ba6 Nc8
27. Bxc4+ Kh8 28. Rfe1 Rd8 29. Ne4 Bh4 30. Ng5 Nd6 31. Bb3 Bxe1 32. Rxe1 h6
33. Nf3 Ra8 34. Bd5 bxc3 35. Bxc3 Ra6 36. Ne5 Kh7 37. a4 Nd7 38. Bb3 Nf6
39. Bc2+ Kg8 40. Bd3 Raa8 41. Nc6 Re8 42. Re5 Ng4 43. Bg6 Nxe5 44. fxe5 Re6
45. Bd3 Kf8 46. exd6 Rxd6 47. Nxa5 Re6 48. Bb5 Re3 49. Nc4 Rh3 50. a5 Kg8
51. Bc6 Rf8 52. a6 Rf2 53. a7 1-0

[Event "83rd ch-FRA w"]
[Site "Pau FRA"]
[Date "2008.08.16"]
[Round "6"]
[White "Congiu,M"]
[Black "Milliet,S"]
[Result "1/2-1/2"]
[WhiteElo "2196"]
[BlackElo "2357"]
[EventDate "2008.08.11"]

1. e4 c5 2. c3 Nf6 3. e5 Nd5 4. Nf3 e6 5. Bc4 d6 6. d4 cxd4 7. cxd4 Nb6 8.
Bb3 dxe5 9. Nxe5 Nc6 10. Nf3 Be7 11. O-O Bf6 12. Nc3 O-O 13. Be3 Na5 14.
Bc2 Nac4 15. Ne4 Be7 16. Bc1 Bd7 17. Qd3 f5 18. Nc5 Rc8 19. Qe2 Bxc5 20.
dxc5 Rxc5 21. b3 Nd6 22. Ba3 Rd5 23. Rad1 Re8 24. Qe3 Bb5 25. Rfe1 Ne4 26.
Nd4 a6 27. f3 Nf6 28. Nxe6 Rxd1 29. Bxd1 Nbd5 30. Nxd8 Rxe3 31. Kf2 Rd3 32.
Nxb7 Nc3 33. Be2 Rd2 34. Bb4 Rxe2+ 35. Rxe2 Nxe2 36. a4 Nc1 37. Ba3 Nxb3
38. axb5 axb5 39. Nd6 Nd4 40. Bb2 Ne6 1/2-1/2